000
00297nam a22001337a 4500
008
210303b ||||| |||| 00| 0 eng d
020
_a
9780077343309
041
_a
eng
080
_2
4th
_a
510
100
_a
36
101
_a
MAT
245
_a
Basic College Mathematics
_c
Bello,I
942
_2
udc
_c
BK
999
_c
55584
_d
55584